000 01101nam a22003017a 4500
003 BD-DhSAU
005 20190114132059.0
008 151021b2014 bg ||||| |||| 001 0 eng d
040 _aBD-DhSAU
082 _222
_a630
_bC5529
100 _aChowdhury, Md. Samsujjoha
_eRegistration # 07-02469
245 _aYield response wheat as affected by irrigation and potassium fertilizer /
_bMS thesis
260 _aSher-e-Bangla Agricultural University :
_bDepartment of Agronomy,
_c2014
300 _avii, 73 p. :
_bill. ;
_c30 cm.
500 _aMS thesis of Department of Agronomy, Faculty of Agriculture, Sher-e-Bangla Agricultural University, Dhaka, Bangladesh
590 _aMd. Sirajul Islam
650 _aAgronomy
650 _aYield
650 _aWheat
650 _aAffected
650 _aIrrigation
650 _2Potassium
650 _aFertilizer
700 _aBaque, Md. Abdullahil
_eSupervisor
700 _aBiswas, Parimal Kanti
_eCo-Supervisor
856 _uhttp://archive.saulibrary.edu.bd:8080/xmlui/handle/123456789/634
_yOnline Access
942 _2ddc
_cTHESIS
999 _c13174
_d13173